Normal view
MARC view
- Alzabadi,amam abu ulabas zain udain bin abdul latif
Entry Personal Name
001 - CONTROL NUMBER
- control field: 7522
003 - CONTROL NUMBER IDENTIFIER
- control field: NUST
005 - DATE AND TIME OF LATEST TRANSACTION
- control field: 20171222144445.0
008 - FIXED-LENGTH DATA ELEMENTS
- fixed length control field: 171222|| aca||aabn | a|a d
040 ## - CATALOGING SOURCE
- Original cataloging agency: NUST
- Transcribing agency: NUST
100 ## - HEADING--PERSONAL NAME
- Personal name: Alzabadi,amam abu ulabas zain udain bin abdul latif
670 ## - SOURCE DATA FOUND
- Source citation: Work cat.: (NUST): Alzabadi,amam abu ulabas zain udain bin abdul latif, Mukhtasar Sahi Bukhari (urdu):, 1997.
